Statystyki dla Don Diablo - Wszystkie piosenki

Kliknij tutaj aby rozwiązać quiz!

Ogólne statystyki

  • Ten quiz został rozwiązany 3 razy
  • Średni wynik to 9 z 100

Statystyki odpowiedzi

Tytuł piosenki% Poprawnych
Congratulations
67%
Survive
67%
Anthem
33%
Bad
33%
Believe
33%
Chemicals
33%
Fade Away
33%
Hot Air Balloon
33%
I Am Not From France
33%
I Got Love
33%
Killer
33%
Kill Me Better
33%
Milky Way
33%
Momentum
33%
Never Change
33%
Never Too Late
33%
On My Mind
33%
Reflections
33%
Starlight
33%
Take Her Place
33%
The Same Way
33%
Thousand Faces
33%
Too Much To Ask
33%
What We Started
33%
You Can't Change Me
33%
Anarchy
0%
Animale
0%
AnyTime
0%
Back In Time
0%
Back To Life
0%
Back To Us
0%
Black Heat
0%
Black Mask
0%
Brave
0%
Bright Skies
0%
Chain Reaction
0%
Children Of A Miracle
0%
Cloud Nr. 1
0%
Cutting Shapes
0%
Disco Disco Disco
0%
Don't Let Go
0%
Doppler
0%
Down The Drain
0%
Drifter
0%
Echoes
0%
Edge Of The Earth
0%
Everybody's Somebody
0%
Eyed Closed
0%
Falling For You
0%
Fever
0%
Found You
0%
Generations
0%
Give It All
0%
Give It Up
0%
Give Me Love
0%
Golden Years The
0%
Got The Love
0%
Head Up
0%
Heaven To Me
0%
Higher
0%
I'll House You
0%
Inside My Head
0%
Into The Unknown
0%
Invincible
0%
Johnny's Online
0%
Knight Time
0%
Light Out Hit
0%
M1 Stringer
0%
Make You Pop
0%
Memories
0%
Mezelluf
0%
Monster
0%
Mr. Brightside
0%
My Window
0%
No Good
0%
Origins
0%
Paralyzed
0%
People Say
0%
Problems
0%
Put It On For Me
0%
Rise Up
0%
Satellites
0%
Save A Little Love
0%
Silence
0%
Streets of Fire
0%
Switch
0%
Tears For Later
0%
Teen Scream Machine
0%
The Artist Inside
0%
The Rhythm
0%
This Way
0%
Through The Storm
0%
Ufo
0%
Univers
0%
Useless
0%
Wake Me When It Quiet
0%
We Are Love
0%
Whatchu Du
0%
Who's Your Daddy
0%
You're Not Alone
0%

Rozkład punktacji

Percentyl według liczby udzielonych odpowiedzi

Procent ludzi z każdym wynikiem

Twoja historia wyników

Nie rozwiązałeś tego quizu